00784nam a2200169 a 4500008004100000050001600041110003600057245016300093246005800256260002800314300002100342362001600363650002600379995007800405999001700483952011400500121219s2011 ||||||||||||||||| || u aZAMEFA(058) aMetal Fabricators of Zambia plc10aMetal fabricators of Zambia plc: directors' report and financial statements for the year ended 31st December 2011cby Metal Fabricators of Zambia Plc [ZAMEFA] aMetal fabricators of Zambia plc. annual report - 2011 aLuanshya:bZAMEFAc2011 a[ii], 38p.: ill.1 a

2011

 aZAMEFA--ANNUAL REPORT FCBU-MAIN LIBRARY (Kitwe)M1UAVAILABLEWDec 27, 2012ZZambiana Collection c51012d51012 00102lcc4070a001b001cZambiana Collectiond2022-11-30l0oZAMEFA(058)pB408r2022-11-30w2022-11-30y002